Reverse Dictionary #39 - Statistics

General Stats
  • This quiz has been taken 57 times
  • The average score is 18 of 25
Answer Stats
Definition First
Letter
Word % Correct
A young human, from birth until around twelve months of age. B Baby
100%
Distant; remote in space. F Far
98%
To crush with the teeth by repeated closing and opening of the jaws; done to food to soften it and break it down by the action of saliva before it is swallowed. C Chew
96%
To cause (a person or animal) physical pain and/or injury. H Hurt
96%
The early part of the day, especially from dawn to noon. M Morning
94%
With little or no sound; free of disturbing noise. Q Quiet
94%
Food that is prepared and eaten, usually at a specific time, and usually in a comparatively large quantity (as opposed to a snack). M Meal
92%
(Canada, US, Scotland, South Africa) An underground railway, especially for mass transit of people in urban areas. S Subway
92%
To force a current of air upon with the mouth, or by other means. B Blow
86%
Resistant to pressure; difficult to break, cut or penetrate. H Hard
86%
To quit (a job or position). R Resign
86%
(theology) A violation of God's will or religious law. S Sin
84%
Any activity that uses physical exertion or skills competitively under a set of rules that is not based on aesthetics. S Sport
82%
To cause (a rocket, balloon, etc., or the payload thereof) to begin its flight upward from the ground. L Launch
73%
A blow with an axe, cleaver, or similar utensil. C Chop
71%
A substance consumed to provide energy through combustion, or through chemical or nuclear reaction. F Fuel
71%
(accounting, economics) Total income or cash flow minus expenditures. P Profit
71%
To exclude a person from a community or from society by not communicating with them or by refusing to acknowledge their presence; to refuse to associate with or talk to; to shun. O Ostracize
57%
A place for the detention of stray or wandering animals. P Pound
57%
The combination of circumstances at a given moment; a state of affairs. S Situation
57%
One who drives a land-based means of transportation in the form of a machine that operates primarily through a mechanism that provides power to rotate the wheels. M Motorist
51%
Dealing with subjects about which one wishes (or people usually wish) to maintain privacy or discretion; not for public view; sensitive, intimate. P Personal
47%
An irrational hostile attitude, fear or hatred towards a particular group, race or religion. P Prejudice
43%
Providing physical contentment and ease; agreeable. C Comfortable
29%
That which is excluded from others; a person, thing, or case, specified as distinct, or excluded. E Exception
29%
No matching quizzes found
Score Distribution
Percent of People with Each Score
Percentile by Number Answered
Your Score History
You have not taken this quiz